Wszyscy zwycięzcy Ligi Mistrzów - Statystyki

Ogólne statystyki
  • Ten quiz został rozwiązany 241 razy
    152 od ostatniego zresetowania
  • Średni wynik to 95 z 137
Statystyki odpowiedzi
Rok odpowiedzi % Poprawnych
Real Madryt
100%
Fc Barcelona
98%
1960/1961 | 1985/1986 | 1993/1994 FC Barcelona
98%
Liverpool
93%
2012/2013 | 2023/2024 Borussia Dortmund
91%
Manchester City
91%
Bayern Monachium
90%
Manchester United
87%
Chelsea
85%
AC Milan
84%
Juventus
84%
Inter Mediolan
83%
2019/2020 PSG
79%
1973/1974 | 2013/2014 | 2015/2016 Atletico Madryt
70%
Fc Porto
69%
2005/2006 Arsenal
60%
Ajax Amsterdam
59%
2018/2019 Tottenham
59%
Benfica
57%
Nottingham Forest
45%
Aston Villa
37%
PSV
31%
Crvena Zvezda
28%
Feyenoord
28%
2001/2002 Bayer Leverkusen
27%
Hamburger SV
27%
Celtic
24%
2003/2004 AS Monaco
21%
Steaua Bukareszt
21%
Borusia Dortmund
20%
1983/1984 AS Roma
19%
1990/1991 Olympique Marsylia
19%
Olimpique Marsylia
12%
1956/1957 Fiorentina
10%
1999/2000 | 2000/2001 Valencia CF
7%
1955/1956 | 1958/1959 Stade de Reims
6%
1959/1960 Eintracht Frankfurt
5%
1974/1975 Leeds United
3%
1977/1978 Club Brugge
2%
1975/1976 AS Saint-Étienne
1%
1978/1979 Malmö FF
1%
1970/1971 Panathinaikos
1%
1965/1966 Partizan Belgrad
1%
1991/1992 Sampdoria Genua
1%
1976/1977 Borussia M'gladbach
0%
Nie znaleziono quizów pasujących do podanych kryteriów
Rozkład punktacji
Procent ludzi z każdym wynikiem
Percentyl według liczby udzielonych odpowiedzi
Twoja historia wyników
Nie rozwiązałeś tego quizu od ostatniego zresetowania